Statistiche per Marcatori del Milan in UEFA Europa League 2018-2019

Clicka qui per fare il quiz!

Statistiche generali

  • Questo quiz è stato fatto 2 volte
  • Il punteggio medio è 8 su 10

Statistiche sulle risposte

PartitaMinutoMarcatore% Corretto
F91 Dudelange - Milan 0-159'Gonzalo Higuaín
100%
Milan - Olympiakos 3-176'Gonzalo Higuaín
100%
Milan - Olympiakos 3-170'Patrick Cutrone
100%
Milan - Olympiakos 3-179'Patrick Cutrone
100%
Milan - Betis 1-283'Patrick Cutrone
100%
Milan - F91 Dudelange 5-221'Patrick Cutrone
100%
Betis - Milan 1-162'Suso
100%
Olympiakos - Milan 3-172'Cristián Zapata
50%
Milan - F91 Dudelange 5-270'Hakan Çalhanoğlu
50%
Milan - F91 Dudelange 5-280'Fabio Borini
0%

Distribuzione punteggi

Percentile per numero di risposta

Percentuale di utenti per punteggio

I tuoi punteggi nel tempo

Non hai fatto questo quiz